| 000 | 01064nac a22002771u 4500 | ||
|---|---|---|---|
| 010 | _a 93030277 | ||
| 020 | _a0683086049 | ||
| 022 | _a9772690519 | ||
| 082 | 0 | 0 |
_a616.12075 _bW1251 |
| 090 |
_c3447 _d3447 |
||
| 100 | _aWagner, Galen S. | ||
| 245 | 1 | 0 |
_aMarriott's practical electrocardiography / _cGalen S. Wagner. |
| 250 |
_a9th ed. / _bGalen S. Wagner. |
||
| 260 |
_aBaltimore : _bWilliams & Wilkins, _cc1994. |
||
| 300 |
_axiv, 434 p. : _bill. ; _c26 cm. |
||
| 500 | _aRev. ed of.: Practical electrocardiography / Henry J.L. Marriott. 8th ed. c1988. | ||
| 500 | _aDonations. | ||
| 500 | _aDonations - Bibliotheca Alexandrina. | ||
| 500 | _aMiddle East Edition. | ||
| 504 | _aIncludes bibliographical references and index. | ||
| 650 | 0 | _aElectrocardiography. | |
| 650 | 0 | _aElectrocardiography. | |
| 700 | 1 |
_aMarriott, Henry J. L. _q(Henry Joseph Llewellyn), _d1917- |
|
| 942 |
_cBB _k616.12075W1251 |
||
| 999 |
_c3447 _d3447 |
||